000 01022nac a22003257a 4500
001 BR2011000063
003 BR-BrBNA
005 20240105123851.0
008 230509b bl.|||m| |||| 00| 0 por d
040 _aBR-BrBNA
_bpor
_cBiblioteca Nacional de Agricultura
072 _aH10
090 _a1120 BR2011000063
100 1 _aMesquita, A.L.M.
100 1 _aGuimarães, J.A.
100 1 _aMartins, A.G.
100 1 _aMonteiro, R.C.
110 1 _aEMBRAPA Agroindústria Tropical, Fortaleza, CE (Brasil)
_93541
245 1 _aEfeito de inseticidas sobre o Tripes Frankliniella schultzei (Trybom)em mangueira
260 3 _aFortaleza, CE (Brasil):
_c2008.
300 _a4 p.
490 _aComunicado Técnico - EMBRAPA Agroindústria Tropical (Brazil)
_vno. 134
_xISSN 1679-6527
500 _a10 ref.
650 _aMANGA
650 _aPRAGA DE PLANTA
650 _aTRIPS
650 _aINSETICIDA
650 _aCONTROLE QUÍMICO
909 _a202312
_bLúcia Elande
_c55
_dLúcia Elande
942 _2AGRIS
_n0
_cMS
999 _c297325
_d297325